000 01099nam a2200337 c 4500
001 58800
003 CO-BoRNBP
005 20250828150557.0
007 ta
008 231129s2023 ck a|||ar|||| 00| f|spa d
020 _a9786289602005
040 _aCO-BoRNBP
_bspa
_erda
_cCO-BoRNBP
041 0 _aspa
043 _as-bl---
_as-ck---
084 _aLM
100 _aMassarani, Mariana,
_d1963-
_eaut
245 1 4 _aLos Chimichimitos /
_cMariana Massarani.
250 _aEdición especial
264 1 _aBogotá, Colombia :
_bCataplum Libros,
_c2023
300 _a23 páginas :
_bilustraciones a color
336 _atexto
_btxt
_2rdacontent
337 _asin mediación
_bn
_2rdamedia
338 _avolumen
_bnc
_2rdacarrier
521 _aRecomendado para un público infantil de 6 a 8 años
650 0 7 _aCanciones en la literatura
_2lemb
_958722
650 0 7 _aFolclor brasileño
_2lemb
_962607
650 0 7 _aLeyendas brasileñas
_ySiglo XXI
_2lemb
_962608
650 0 7 _aLibros ilustrados para niños
_2LEMB
_92001
650 0 4 _aLiteratura infantil brasileña
_ySiglo XXI
_2LEMB
942 _2loc
_cBKLITI
999 _c58800
_d58800